Armes de Team Fortress 2 (Scout) - Statistiques

Statistiques générales
  • Ce quiz a été pris 23 fois
  • Le résultat moyen est 4 sur 6
Statistiques - réponses
Par images Réponse % Correct
Force-de-la-Nature
81%
Fusil à dispersion
81%
Arrêt-court
57%
Back Scatter
48%
Exploseur de Tête d'Ange
48%
Rafraîchisseur
48%
Aucun quiz correspondant
Distribution des résultats
% des personnes avec chaque résultat
Percentile par nombre de réponses
Votre historique - résultats
Vous n’avez pas pris ce quiz